Field guide to the families and Genera of woody plants of Northwest South American (Colombia, Ecuador, Peru) with supplementary notes on herbaceous taxa (Registro nro. 1076)

Detalles MARC
000 -CABECERA
Campo de control 01093nam a2200253 a 4500
005 - FECHA Y HORA DE LA ULTIMA TRANSACCION
Campo de control 20150923110924.0
008 - ELEMENTOS DE LONGITUD FIJA—INFORMACION GENERAL
Campo de control 140225b1993 -Us||||| |||| 00| 0 eng d
040 ## - FUENTE DE CATALOGACIÓN
Agencia catalogadora original DLC
Agencia transcriptora DLC
041 ## - IDIOMA
Código de idioma para texto/pista de sonido o título separado Inglés
082 04 - NUMERO DE CLASIFICACION DECIMAL DEWEY
Número de clasificación 582.1
Número del ítem G33a
100 ## - ASIENTO PRINCIPAL--NOMBRE PERSONAL
Nombre personal Gentry, Alwyn H.
245 ## - MENCION DE TITULO
Título Field guide to the families and Genera of woody plants of Northwest South American (Colombia, Ecuador, Peru) with supplementary notes on herbaceous taxa
260 ## - PUBLICACION, DISTRIBUCION, ETC. (PIE DE IMPRENTA)
Lugar de publicación, distribución, etc. Washington
Nombre del editor, distribuidor, etc. Conservation International
Fecha de publicación, distribución, etc. 1996
300 ## - DESCRIPCION FISICA
Extensión 895 p.
Dimensiones 24 cm
500 ## - NOTA GENERAL
Nota general Originally published: Washington, DC : Conservation International, 1993 (Conservation biology series ; contribution no. 1).
504 ## - NOTA DE BIBLIOGRAFIA, ETC.
Nota de bibliografía Published in association with Conservation International.
505 ## - NOTA DE CONTENIDO
Nota de contenido Includes indexes
650 ## - ASIENTO SECUNDARIO DE MATERIA - TERMINO TEMATICO
Término temático o nombre geográfico como elemento de entrada Woody plants
Subdivisión de forma Colombia
Subdivisión general identificacion
650 ## - ASIENTO SECUNDARIO DE MATERIA - TERMINO TEMATICO
Término temático o nombre geográfico como elemento de entrada Woody plants
Subdivisión de forma Ecuador
Subdivisión general Identification
650 ## - ASIENTO SECUNDARIO DE MATERIA - TERMINO TEMATICO
Término temático o nombre geográfico como elemento de entrada Woody plants
Subdivisión de forma Peru
Subdivisión general Identificacion
710 ## - ASIENTO SECUNDARIO - NOMBRE CORPORATIVO
Nombre corporativo o de jurisdicción como elemento de entrada Conservation International.
856 ## - LOCALIZACION Y ACCESO ELECTRONICOS
Identificador Uniforme del Recurso http://www.loc.gov/catdir/description/uchi051/95044911.html
942 ## - ELEMENTOS ADICIONALES (KOHA)
Tipo de ítem Libro
Koha issues (borrowed), all copies 2
Sistema de clasificación Dewey Decimal Classification
Existencias
Withdrawn status Lost status Sistema de Clasificación Damaged status No para préstamo Colección Inventariado Ubicación Permanente Ubicación actual Fecha de adquisición Fuente de Valor Valor Total Checkouts Número topográfico Inventario / Código de Barras Date last seen Ejemplar Price effective from Forma de adquisición Tipo de material Total Renewals Date checked out
    Local     General Inventariado 2017 Bogotá Bogotá 28/02/2005 Instituto 39000.00   LB-582.1 G33a 017436 04/12/2012 Ej. 1 04/12/2012   Libro    
    Local     Botánica Inventariado 2017 Villa de Leyva Villa de Leyva 14/01/1999 Instituto 39000.00   LB-01065 003752 04/12/2012 Ej. 1 04/12/2012   Libro    
    Local     Botánica Inventariado 2017 Villa de Leyva Villa de Leyva 17/01/2006 Instituto 39000.00 3 LB-01065 022905 19/12/2013 Ej. 3 04/12/2012 Compra Libro 2 16/10/2013